000 01538nam a2200457 i 4500
001 54985
003 KOSZ 005
005 20211207081003.0
008 080519s2007 pl a |001 0 pol
015 _aUWD 2008/21856
020 _a9788324608096
035 _a991042026949705066
035 _a(PL-WaBN)b21248631-48omnis_nlop
035 _ab21248631
035 _a(OCoLC)749364282
035 _a(PL)b0000002124863
035 _a(EXLNZ-48OMNIS_NETWORK)9910143329105606
040 _aWA N
_cWA N
_dKOSZ 005/HR
046 _k2007
080 _a004.774
080 _a(07)
100 1 _aFrankowski, Paweł
_c(informatyk)
_eAutor
245 1 0 _aCMS :
_bjak szybko i łatwo stworzyć stronę www i zarządzać nią /
_cPaweł Frankowski.
246 3 0 _aJak szybko i łatwo stworzyć stronę www i zarządzać nią
260 _aGliwice :
_bWydawnictwo Helion,
_ccop. 2007.
300 _a254 s. :
_bil. ;
_c24 cm.
336 _aTekst
_btxt
_2rdacontent
337 _aBez urządzenia pośredniczącego
_bn
_2rdamedia
338 _aWolumin
_bnc
_2rdacarrier
380 _aKsiążki
388 _a2001-
504 _aIndeks.
650 7 _aSystemy zarządzania treścią
_2DBN
650 7 _aProjektowanie stron WWW
655 7 _aPodręcznik
_2DBN
658 _aInformatyka i technologie informacyjne
710 2 _aHelion
_4pbl
856 _uhttp://koha.tu.koszalin.pl/cgi-bin/koha/opac-detail.pl?biblionumber=54985
_yKatalog online BPK
942 _2UKD
_cKS
999 _c54985
_d54985